000 01025nam0a22003131 4500
001 v19\rc\1590301
005 20250618214112.0
035 _a(NLR Aleph) 004714998
090 _a4252925
_c4252925
100 _a20061002d1895 |||y0rusy50 ca
101 0 _arus
102 _aRU
105 _aak z |||||
200 1 _aНастольная книга для нотариусов
_eСост. по офиц. источникам Дмитрий Абоимов
205 _a2-е изд., испр. и знач. доп.
210 _aСамара
_cтип. Н.А. Жданова
_d1895
215 _a304, VIII с.
_cтабл., бланк.
_d25
300 _aНа обл. дата: 1896
300 _aНеофиц. изд.
700 1 _aАбоимов
_bД.В.
_gДмитрий В.
_4220
801 0 _aRU
_bNLR
_gpsbo
801 0 _aRU
_bRuMoRGB
_2psbo
801 1 _aRU
_bProSoft-M
_2rusmarc
852 _aNLR
_j18.294.7.97
899 _aRuMoRGB
_jA 213/1170
899 _aБАН
899 _aНБ МГУ
942 _cBOOK
980 _aNB